[Event "Adelaide Interclub-A"]
[Site "Adelaide"]
[Date "2010.06.08"]
[Round "6.3"]
[White "Horne, Brad"]
[Black "Daenke, Stephen"]
[Result "1-0"]
[WhiteElo "1635"]
[BlackElo "1441"]
[PlyCount "69"]
[EventDate "2010.05.04"]
[EventType "team-tourn"]
[EventRounds "9"]
[EventCountry "AUS"]
[SourceTitle "EXT 2023"]
[Source "ChessBase"]
[SourceDate "2022.10.05"]
[SourceVersion "1"]
[SourceVersionDate "2022.10.05"]
[SourceQuality "1"]

1. e4 c5 2. Nf3 g6 3. c4 Nc6 4. d4 cxd4 5. Nxd4 Nf6 6. Nc3 d6 7. Be2 Nxd4 8. Qxd4 Bg7 9. Be3 0-0 10. 0-0 Ng4 11. Qd2 Nxe3 12. Qxe3 Be6 13. Nd5 Bxd5 14. exd5 Qb6 15. Qxb6 axb6 16. Rfb1 Rfc8 17. a4 b5 18. axb5 Bxb2 19. Rxa8 Rxa8 20. Rxb2 Ra1+ 21. Bf1 e6 22. dxe6 fxe6 23. Rd2 Kf7 24. Rxd6 Kf6 25. Rd7 h5 26. Rxb7 Rc1 27. Rd7 e5 28. b6 Ke6 29. Rd5 Rb1 30. Rb5 Rxb5 31. cxb5 Kd7 32. Bd3 Kc8 33. Bxg6 Kb7 34. Bxh5 Kxb6 35. Be2 1-0

[Event "Pennant-chT"]
[Site "Adelaide"]
[Date "2009.10.06"]
[Round "4.2"]
[White "Horne, Brad"]
[Black "Hoff, Michael R"]
[Result "1/2-1/2"]
[WhiteElo "1618"]
[BlackElo "1848"]
[PlyCount "75"]
[EventDate "2009.09.15"]
[EventType "team-tourn"]
[EventRounds "7"]
[EventCountry "AUS"]
[SourceTitle "EXT 2023"]
[Source "ChessBase"]
[SourceDate "2022.10.05"]
[SourceVersion "1"]
[SourceVersionDate "2022.10.05"]
[SourceQuality "1"]

1. e4 d6 2. d4 Nf6 3. Nc3 g6 4. Bc4 c6 5. f3 b5 6. Bb3 a5 7. a3 Bg7 8. Be3 0-0 9. Nge2 Ba6 10. Qd2 Nbd7 11. 0-0 Qb6 12. e5 Nd5 13. Nxd5 cxd5 14. Bxd5 Bb7 15. Bxb7 Qxb7 16. exd6 exd6 17. Bh6 Rfe8 18. Bxg7 Kxg7 19. Rfe1 Nb6 20. Nc3 Nc4 21. Qg5 Qb6 22. Nxb5 Re5 23. Rxe5 dxe5 24. b3 f6 25. Qc1 Nd6 26. Nxd6 Qxd4+ 27. Kf1 Qxd6 28. Qd1 Qc7 29. Qe2 f5 30. c4 e4 31. Re1 Qxh2 32. Qb2+ Kh6 33. Qd2+ g5 34. Qd5 Qh1+ 35. Kf2 Qh4+ 36. Kf1 Qh1+ 37. Kf2 Qh4+ 38. Kf1 1/2-1/2

[Event "Adelaide Interclub-A"]
[Site "Adelaide"]
[Date "2009.06.30"]
[Round "9.2"]
[White "Horne, Brad"]
[Black "Ivancic, Fabian"]
[Result "1/2-1/2"]
[WhiteElo "1675"]
[BlackElo "1642"]
[PlyCount "83"]
[EventDate "2009.05.05"]
[EventType "team-tourn"]
[EventRounds "9"]
[EventCountry "AUS"]
[SourceTitle "EXT 2023"]
[Source "ChessBase"]
[SourceDate "2022.10.05"]
[SourceVersion "1"]
[SourceVersionDate "2022.10.05"]
[SourceQuality "1"]

1. e4 e5 2. Nf3 Nc6 3. Nc3 Bb4 4. Nd5 Bc5 5. c3 d6 6. d4 Bb6 7. Bb5 exd4 8. cxd4 Bd7 9. 0-0 Nge7 10. Nxb6 axb6 11. Bc4 0-0 12. a3 Bg4 13. Be3 d5 14. exd5 Nxd5 15. h3 Bh5 16. b4 Re8 17. Qb3 Bxf3 18. gxf3 Nxe3 19. Bxf7+ Kh8 20. fxe3 Qg5+ 21. Kf2 Qh4+ 22. Kg2 Nxd4 23. Qd3 Qg5+ 24. Kf2 Qh4+ 25. Kg2 Rf8 26. Qxd4 Qxd4 27. exd4 Rxf7 28. Rfe1 h6 29. Re3 Rd7 30. Rd1 Rad8 31. d5 Kh7 32. Re6 Rxd5 33. Rxd5 Rxd5 34. Re7 c5 35. bxc5 Rxc5 36. Rxb7 Rb5 37. Kg3 h5 38. h4 Kg6 39. Kf4 Kf6 40. Rc7 Rf5+ 41. Ke4 Re5+ 42. Kf4 1/2-1/2